书目信息 |
| 题名: |
宅人瑜伽
|
|
| 作者: | 崎田美菜 著 ;单元皓 译 | |
| 分册: | ||
| 出版信息: | 北京 文化发展出版社 2018.06 |
|
| 页数: | 111页 | |
| 开本: | 21cm | |
| 丛书名: | ||
| 单 册: | ||
| 中图分类: | R793.51-64 | |
| 科图分类: | ||
| 主题词: | 瑜伽--图解 | |
| 电子资源: | ||
| ISBN: | 978-7-5142-2248-7 | |
| 000 | 00767nam0 2200229 450 | |
| 001 | 5115 | |
| 005 | 20181014103436.88 | |
| 010 | @a978-7-5142-2248-7@dCNY39.80 | |
| 100 | @a20180819d2018 em y0chiy50 ea | |
| 101 | 1 | @achi@cjpn |
| 102 | @aCN@b110000 | |
| 105 | @aa z 000yy | |
| 200 | 1 | @a宅人瑜伽@9zhai ren yu jia@f(日)崎田美菜著@g单元皓译 |
| 210 | @a北京@c文化发展出版社@d2018.06 | |
| 215 | @a111页@d21cm | |
| 330 | @a本书是作者在专业医师指导下,根据自己亲身体验创作而成的瑜伽指导书。详细讲解了数十种从瑜伽演变而来的日常锻炼动作的功效及科学原理。 | |
| 606 | 0 | @a瑜伽@j图解 |
| 690 | @aR793.51-64@v5 | |
| 701 | 0 | @c(日)@a崎田美菜@9qi tian mei cai@4著 |
| 702 | 0 | @a单元皓@9shan yuan hao@4译 |
| 801 | 0 | @aCN@b91MARC@c20180819 |
| 905 | @aMuseLib@dR793.51-64@e17 | |
| 宅人瑜伽/(日)崎田美菜著/单元皓译.-北京:文化发展出版社,2018.06 |
| 111页;21cm |
| ISBN 978-7-5142-2248-7:CNY39.80 |
| 本书是作者在专业医师指导下,根据自己亲身体验创作而成的瑜伽指导书。详细讲解了数十种从瑜伽演变而来的日常锻炼动作的功效及科学原理。 |
| ● |
| 相关链接 |
|
|
|
|
正题名:宅人瑜伽
索取号:R793.51-64/17
 
预约/预借
| 序号 | 登录号 | 条形码 | 馆藏地/架位号 | 状态 | 备注 |
| 1 | 1128199 | 211281995 | 第二样本阅览室/ [索取号:R793.51-64/17] | 在馆 | |
| 2 | 1128200 | 211282002 | 第三借阅区/ [索取号:R793.51-64/17] | 在馆 | |
| 3 | 1128201 | 211282011 | 第三借阅区/ [索取号:R793.51-64/17] | 在馆 | |
| 4 | 1128202 | 211282020 | 第三借阅区/ [索取号:R793.51-64/17] | 在馆 | |
| 5 | 1128203 | 211282039 | 密集书库-生命科学系/ [索取号:R793.51-64/17] | 在馆 |